Chicago Trivia - Statistics

General Stats
  • This quiz has been taken 146 times
  • The average score is 14 of 20
Answer Stats
Question Answer % Correct
What is Chicago's most famous nickname? The Windy City
97%
What is the name of the tallest building in Chicago? Willis (Sears) Tower
96%
What is the only U.S city that has always had a greater population than Chicago? New York
95%
What color do they dye that river on St. Patrick's Day? Green
94%
What do Chicagoans never put on hot dogs? Ketchup
93%
What Great Lake does Chicago lie next to? Lake Michigan
93%
What famous gangster operated in Chicago during Prohibition? Al Capone
89%
What is Chicago-style pizza called? Deep Dish
88%
What happened in Chicago in 1871 thanks to Mrs. O'Leary's cow? The Great Chicago Fire
86%
Where do the Chicago Cubs play? Wrigley Field
86%
What is the nickname of the Cloud Gate sculpture in Millenium Park? The Bean
78%
What is Chicago's central business district called? The Loop
67%
What is the only American building taller than it? One World Trade Center
64%
What is the name of the famous aquarium in Chicago? Shedd Aquarium
63%
The Field Museum in Chicago has the largest T-rex skeleton ever found. What is the dinosaur's nickname? Sue
47%
What river in Chicago connects the Great Lakes to the Mississippi River Basin? Chicago River
44%
What was the former name of 875 North Michigan Avenue? John Hancock Tower
29%
On what street is it located? South Wacker Drive
22%
What Chicagoan became the first American woman to win a Nobel Peace Prize in 1931? Jane Addams
18%
What is the busiest road in Chicago (and Illinois)? Kennedy Expressway
11%
No matching quizzes found
Score Distribution
Percent of People with Each Score
Percentile by Number Answered
Your Score History
You have not taken this quiz